TOP 09 – poslanci - Statistics

General Stats
  • This quiz has been taken 13 times
    9 since last reset
  • The average score is 6 of 9
Answer Stats
Hint Answer % Correct
Vlastimil Válek
100%
předseda Jan Jakob
80%
Matěj Ondřej Havel
80%
Zdeňka Blišťanová
80%
Helena Langšádlová
60%
Jiří Pospíšil
60%
Marek Ženíšek
60%
místopředseda Michal Kučera
60%
místopředseda Michal Zuna
60%
No matching quizzes found
Score Distribution
Percent of People with Each Score
Percentile by Number Answered
Your Score History
You have not taken this quiz since the last reset